000 00667nam a2200241 i 4500
001 17594
003 ES-MaACL
005 20230906151625.0
007 t|
008 010405s2000 sp ||||1| spa d
020 _a84-8307-243-2
080 _a82.09"19"(049.32)
100 1 _aFerrater, Gabriel.
_950337
245 1 0 _aNoticias de libros /
_cGabriel Ferrater.
250 _a1ª ed.
260 _aBarcelona :
_bPenínsula,
_c2000.
300 _a302 p. ;
_c21 cm.
490 1 _aFicciones
650 1 4 _aLiteratura-
_yS.XX-
_vReseñas bibliográficas.
_914498
830 0 _aFicciones
_9179319
852 _aES-MaACL
_jL-24471
_bR.129784
999 _c17594
_d17594